South Eastern Kenya University

Library Online Public Access Catalogue


Assessing the human health risks of trichloroethylene : (Record no. 4230)

MARC details
000 -LEADER
fixed length control field 00904nam a22002297a 4500
003 - CONTROL NUMBER IDENTIFIER
control field OSt
005 - DATE AND TIME OF LATEST TRANSACTION
control field 20150625094139.0
008 - FIXED-LENGTH DATA ELEMENTS--GENERAL INFORMATION
fixed length control field
020 ## - INTERNATIONAL STANDARD BOOK NUMBER
International Standard Book Number 9780309102834 (pbk.)
020 ## - INTERNATIONAL STANDARD BOOK NUMBER
International Standard Book Number 0309102839 (pbk.)
040 ## - CATALOGING SOURCE
Original cataloging agency SEKU
050 00 - LIBRARY OF CONGRESS CALL NUMBER
Classification number RA 1242
Item number T6A87
245 00 - TITLE STATEMENT
Title Assessing the human health risks of trichloroethylene :
Remainder of title key scientific issues /
Statement of responsibility, etc. Committee on Human Health Risks of Trichloroethylene, Board on Environmental Studies and Toxicology, Division on Earth and Life Studies, National Research Council of the National Academies.
260 ## - PUBLICATION, DISTRIBUTION, ETC. (IMPRINT)
Place of publication, distribution, etc. Washington, D.C. :
Name of publisher, distributor, etc. National Academies Press,
Date of publication, distribution, etc. c2006.
300 ## - PHYSICAL DESCRIPTION
Extent 425 p. :
Other physical details ill. ;
504 ## - BIBLIOGRAPHY, ETC. NOTE
Bibliography, etc Includes bibliographical references (p. 329-379).
530 ## - ADDITIONAL PHYSICAL FORM AVAILABLE NOTE
Additional physical form available note Also available on the World Wide Web.
650 #0 - SUBJECT ADDED ENTRY--TOPICAL TERM
Topical term or geographic name as entry element Trichloroethylene
General subdivision Toxicology.
650 #0 - SUBJECT ADDED ENTRY--TOPICAL TERM
Topical term or geographic name as entry element Trichloroethylene
General subdivision Environmental aspects.
906 ## - LOCAL DATA ELEMENT F, LDF (RLIN)
g y-gencatlg
942 ## - ADDED ENTRY ELEMENTS (KOHA)
Source of classification or shelving scheme Library of Congress Classification
Koha item type General circulation
Holdings
Withdrawn status Lost status Source of classification or shelving scheme Damaged status Not for loan Home library Current library Date acquired Source of acquisition Total Checkouts Full call number Barcode Date last seen Price effective from Koha item type Public note
    Library of Congress Classification     Main Campus Library Main Campus Library 25/06/2015 Books for Africa   RA 1242 T6A87 2015/000568 25/06/2015 25/06/2015 General circulation smo
Kitui, Kenya.
+254736116989
library@seku.ac.ke